<?xml version="1.0" encoding="UTF-8"?>
<collection xmlns="http://www.loc.gov/MARC21/slim">
 <record>
  <leader>01652nam a22002537a 4500</leader>
  <controlfield tag="001">NCT_4_020221</controlfield>
  <controlfield tag="008">250517b        xxu||||| |||| 00| 0 vie d</controlfield>
  <datafield tag="999" ind1=" " ind2=" ">
   <subfield code="c">8987</subfield>
   <subfield code="d">8987</subfield>
  </datafield>
  <datafield tag="020" ind1=" " ind2=" ">
   <subfield code="a">9786048069896</subfield>
   <subfield code="c">269000</subfield>
  </datafield>
  <datafield tag="082" ind1="0" ind2="4">
   <subfield code="2">23rd ed.</subfield>
   <subfield code="a">658.4038</subfield>
   <subfield code="b">A103V</subfield>
  </datafield>
  <datafield tag="245" ind1="0" ind2="0">
   <subfield code="a">AI và kỷ nguyên máy móc mới</subfield>
   <subfield code="b">= AI, analytics, and the new machine age </subfield>
   <subfield code="c">Thomas H. Davenport, ... [et al.] ; An Tri (Dịch)</subfield>
  </datafield>
  <datafield tag="260" ind1=" " ind2=" ">
   <subfield code="a">H.</subfield>
   <subfield code="b">Thông tin và truyền thông</subfield>
   <subfield code="c">2022</subfield>
  </datafield>
  <datafield tag="300" ind1=" " ind2=" ">
   <subfield code="a">156 tr.</subfield>
   <subfield code="b">Minh họa</subfield>
   <subfield code="c">27 cm</subfield>
  </datafield>
  <datafield tag="490" ind1="0" ind2=" ">
   <subfield code="a">Harvard Business Review</subfield>
  </datafield>
  <datafield tag="520" ind1="3" ind2=" ">
   <subfield code="a">Giới thiệu những bí quyết trong chiến lược quản lý công nghệ có sự trợ giúp của người máy (trí tuệ nhân tạo): AI trong thế giới thực, CEO của Stitch fix chia sẻ về bán hàng theo phong cách cá nhân cho chiến lược thu hút thị trường, thuật toán cũng cần người quản lý, marketing trong kỷ nguyên Alexa, Drone trong cuông việc, sự thật về blockchain, công nghệ in 3D...</subfield>
  </datafield>
  <datafield tag="653" ind1=" " ind2=" ">
   <subfield code="a">Quản trị kinh doanh</subfield>
  </datafield>
  <datafield tag="700" ind1="0" ind2=" ">
   <subfield code="a">An Tri</subfield>
   <subfield code="e">Dịch</subfield>
  </datafield>
  <datafield tag="700" ind1="1" ind2=" ">
   <subfield code="a">Davenport, Thomas H. </subfield>
  </datafield>
  <datafield tag="700" ind1="1" ind2=" ">
   <subfield code="a">Ronanki, Rajeev </subfield>
  </datafield>
  <datafield tag="700" ind1="1" ind2=" ">
   <subfield code="a">Lake, Katrina </subfield>
  </datafield>
  <datafield tag="942" ind1=" " ind2=" ">
   <subfield code="2">ddc</subfield>
   <subfield code="c">BK</subfield>
  </datafield>
  <datafield tag="952" ind1=" " ind2=" ">
   <subfield code="0">0</subfield>
   <subfield code="1">0</subfield>
   <subfield code="2">ddc</subfield>
   <subfield code="4">0</subfield>
   <subfield code="6">658_403800000000000_A103V</subfield>
   <subfield code="7">0</subfield>
   <subfield code="9">30769</subfield>
   <subfield code="a">000001</subfield>
   <subfield code="b">000001</subfield>
   <subfield code="d">2025-05-17</subfield>
   <subfield code="o">658.4038 A103V</subfield>
   <subfield code="p">MD.23889</subfield>
   <subfield code="r">2025-05-17</subfield>
   <subfield code="v">269000.00</subfield>
   <subfield code="w">2025-05-17</subfield>
   <subfield code="y">BK</subfield>
  </datafield>
  <datafield tag="952" ind1=" " ind2=" ">
   <subfield code="0">0</subfield>
   <subfield code="1">0</subfield>
   <subfield code="2">ddc</subfield>
   <subfield code="4">0</subfield>
   <subfield code="6">658_403800000000000_A103V</subfield>
   <subfield code="7">0</subfield>
   <subfield code="9">30770</subfield>
   <subfield code="a">000001</subfield>
   <subfield code="b">000001</subfield>
   <subfield code="d">2025-05-17</subfield>
   <subfield code="o">658.4038 A103V</subfield>
   <subfield code="p">MD.23890</subfield>
   <subfield code="r">2025-05-17</subfield>
   <subfield code="v">269000.00</subfield>
   <subfield code="w">2025-05-17</subfield>
   <subfield code="y">BK</subfield>
  </datafield>
  <datafield tag="980" ind1=" " ind2=" ">
   <subfield code="a">Thư viện Trường Đại học Nam Cần Thơ</subfield>
  </datafield>
 </record>
</collection>
